All WWE Smackdown Tag Team Champions - Statistics

General Stats
  • This quiz has been taken 217 times
    167 since last reset
  • The average score is 47 of 56
Answer Stats
Hint Answer % Correct
Smackdown Live Jey Uso
98%
Summerslam 2017 Jey Uso
98%
Hell In A Cell 2017 Jey Uso
98%
Elimination Chamber 2019 Jey Uso
98%
Smackdown Live Jimmy Uso
98%
Summerslam 2017 Jimmy Uso
98%
Hell In A Cell 2017 Jimmy Uso
98%
Elimination Chamber 2019 Jimmy Uso
98%
Battleground 2017 Big E
96%
Smackdown Live Big E
96%
Smackdown Live Big E
96%
Extreme Rules 2019 Big E
96%
Smackdown Big E
96%
Smackdown Big E
96%
Battleground 2017 Kofi Kingston
95%
Smackdown Live Kofi Kingston
95%
Smackdown Live Kofi Kingston
95%
Extreme Rules 2019 Kofi Kingston
95%
Smackdown Kofi Kingston
95%
Smackdown Kofi Kingston
95%
Smackdown Kofi Kingston
95%
Battleground 2017 Xavier Woods
94%
Smackdown Live Xavier Woods
94%
Smackdown Live Xavier Woods
94%
Extreme Rules 2019 Xavier Woods
94%
Smackdown Xavier Woods
94%
Smackdown Xavier Woods
94%
Smackdown Xavier Woods
94%
TLC 2016 Randy Orton
92%
TLC 2016 Bray Wyatt
90%
Backlash 2016 Heath Slater
89%
TLC 2016 Luke Harper
88%
Backlash 2016 Rhyno
86%
Smackdown 1000 Cesaro
85%
The Horror Show at Extreme Rules Cesaro
85%
WrestleMania 34 Harper
83%
WrestleMania 34 Rowan
82%
Smackdown Live Rowan
82%
Smackdown 1000 Sheamus
82%
Royal Rumble 2019 The Miz
79%
Super Showdown 2020 The Miz
79%
Smackdown Live Chad Gable
73%
Smackdown Live Daniel Bryan
72%
Smackdown Live Jason Jordan
72%
Super Showdown 2020 John Morrison
70%
The Horror Show at Extreme Rules Shinsuke Nakamura
69%
Smackdown Dolph Ziggler
68%
Smackdown Robert Roode
68%
Royal Rumble 2019 Shane McMahon
68%
Smackdown Live Matt Hardy
64%
Smackdown Live Jeff Hardy
63%
Raw Angelo Dawkins
59%
Raw Montez Ford
58%
Clash of Champions 2019 Scott Dawson
54%
Clash of Champions 2019 Dash Wilder
52%
Smackdown Live Vacant
25%
No matching quizzes found
Score Distribution
Percent of People with Each Score
Percentile by Number Answered
Your Score History
You have not taken this quiz since the last reset